Logo CIB grande

The design thinking toolbox (Registro nro. 237470)

Detalles MARC
000 -LEADER
campo de control de longitud fija 00770nam a2200241Ia 4500
005 - FECHA Y HORA DE LA ÚLTIMA TRANSACCIÓN
campo de control 20250425162834.0
008 - DATOS DE LONGITUD FIJA--INFORMACIÓN GENERAL
campo de control de longitud fija 250425s9999 xx 000 0 und d
020 ## - NÚMERO INTERNACIONAL ESTÁNDAR DEL LIBRO
Número Internacional Estándar del Libro 9781119629191
041 ## - CÓDIGO DE IDIOMA
Código de lengua del texto/banda sonora o título independiente eng
082 ## - NÚMERO DE LA CLASIFICACIÓN DECIMAL DEWEY
Número de clasificación 658.4094
Iniciales del Autor LEW
010 ## - NÚMERO DE CONTROL DE LA BIBLIOTECA DEL CONGRESO
Número de control de LC 112302
100 ## - ENTRADA PRINCIPAL--NOMBRE DE PERSONA
Nombre de persona Lewrick, Michael
245 #0 - MENCIÓN DEL TÍTULO
Título The design thinking toolbox
Resto del título a guide to mastering the most popular and valuable innovation methods
Mención de responsabilidad, etc. Michael Lewrick, Patrick Link, Larry Leifer.
260 ## - PUBLICACIÓN, DISTRIBUCIÓN, ETC.
Lugar de publicación, distribución, etc. Hoboken
Nombre del editor, distribuidor, etc. John Wiley & Sons
Fecha de publicación, distribución, etc. 2020
300 ## - DESCRIPCIÓN FÍSICA
Extensión 309 páginas
650 ## - PUNTO DE ACCESO ADICIONAL DE MATERIA--TÉRMINO DE MATERIA
Término de materia o nombre geográfico como elemento de entrada Capacidad creativa en los negocios
650 ## - PUNTO DE ACCESO ADICIONAL DE MATERIA--TÉRMINO DE MATERIA
Término de materia o nombre geográfico como elemento de entrada Capacidad creativa en tecnología
650 ## - PUNTO DE ACCESO ADICIONAL DE MATERIA--TÉRMINO DE MATERIA
Término de materia o nombre geográfico como elemento de entrada Gestión de proyectos
650 ## - PUNTO DE ACCESO ADICIONAL DE MATERIA--TÉRMINO DE MATERIA
Término de materia o nombre geográfico como elemento de entrada Pensamiento creativo
700 ## - ENTRADA AGREGADA--NOMBRE PERSONAL
Nombre de persona Leifer, Larry
700 ## - ENTRADA AGREGADA--NOMBRE PERSONAL
Nombre de persona Link, Patrick
942 ## - ELEMENTOS DE ENTRADA SECUNDARIOS (KOHA)
Tipo de ítem Koha Libros
Existencias
Estatus retirado Estado de pérdida Estado de daño No para préstamo Biblioteca de origen Biblioteca actual Fecha de adquisición Coste, precio normal de compra Etiqueta RFID Total de préstamos Código de barras Copia número
        CENTRO DE INFORMACIÓN BIBLIOTECARIA CENTRO DE INFORMACIÓN BIBLIOTECARIA 18/10/2022 60.00 0000000000000000035901   80798 1

Copyright 2025 ESPOL. Todos los derechos reservados.